000 00363nam a2200133Ia 4500
005 20260328101444.0
008 260328s9999||||xx |||||||||||||| ||und||
100 _aGonzález Cruz, Eduardo
245 0 _aProyecto Clima y Arquitectura - Vol.2 /
_cEduardo González Cruz
260 _bGustavo Gili
300 _a186 p.
650 _aARQUITECTURA Y CLIMA
942 _cBK
999 _c8399
_d8399